| Tag |
First Indicator |
Second Indicator |
Subfields |
| LEADER |
00000cam a2200000 4500 |
| 001 |
in00000067629 |
| 005 |
20151008050146.0 |
| 008 |
720901s1964 nyu 00000 eng u |
| 010 |
|
|
|a 63022748
|
| 035 |
|
|
|a (OCoLC)00398260
|
| 035 |
|
|
|9 AAF9936AM
|
| 040 |
|
|
|c WSU
|d TXA
|d UtOrBLW
|
| 049 |
|
|
|a TXAM
|c [402536]
|
| 050 |
|
0 |
|a D1065.U5
|b K55
|
| 092 |
|
|
|a 327.73
|b K63a
|
| 100 |
1 |
|
|a Kleiman, Robert.
|
| 245 |
1 |
0 |
|a Atlantic crisis ;
|b American diplomacy confronts a resurgent Europe.
|
| 250 |
|
|
|a [1st ed.].
|
| 264 |
|
1 |
|a New York :
|b Norton,
|c [1964]
|
| 300 |
|
|
|a 158 pages
|
| 336 |
|
|
|a text
|b txt
|2 rdacontent
|
| 337 |
|
|
|a unmediated
|b n
|2 rdamedia
|
| 338 |
|
|
|a volume
|b nc
|2 rdacarrier
|
| 651 |
|
0 |
|a United States
|x Foreign relations
|z Europe.
|
| 651 |
|
0 |
|a North Atlantic Region
|x Politics and government.
|
| 999 |
|
|
|a MARS
|
| 999 |
f |
f |
|s 107453d2-61be-3225-8ad5-ab3b3e58ebf9
|i 7c6f3c0d-34c4-32a5-8c45-42c2621d7872
|t 0
|
| 952 |
f |
f |
|p ric
|a Texas A&M University
|b Rellis Campus
|c Joint Library Facility
|d Remote Storage
|t 0
|e D1065.U5 K55
|h Library of Congress classification
|i unmediated -- volume
|m A14800678517
|
| 998 |
f |
f |
|a D1065.U5 K55
|t 0
|l Remote Storage
|